Adivina las películas por escenas #3 - Estadísticas

Estadísticas generales
  • Esta prueba ha sido intentada 355 veces
  • La puntuación promedio es 11 de 20
Estadísticas de respuestas
Imagen Hint Respuesta % Correcto
2014 Interstellar
90%
1995 Toy Story
88%
1977 Star Wars: Episode IV - A New Hope
87%
1984 The Karate Kid
86%
1978 Grease
78%
2001 The Lord of the Rings: The Fellowship of the Ring
78%
2008 The Dark Knight
73%
1993 Jurassic Park
65%
2018 Bohemian Rhapsody
60%
1976 Rocky
57%
2003 School of Rock
57%
1993 Schindler's List
54%
1994 The Shawshank Redemption
47%
2023 Oppenheimer
44%
1984 A Nightmare on Elm Street
42%
2021 The Suicide Squad
40%
2025 One Battle After Another
30%
1936 Modern Times
29%
2002 Cidade de Deus
28%
1962 Lawrence of Arabia
18%
No se encontraron pruebas coincidentes
Distribución de puntuación
Porcentaje de gente con cada puntuación
Porcentaje por número respondido
Historial de tus puntuaciones
No has intentado esta prueba.